African Animals by Picture - Statistics

General Stats
  • This quiz has been taken 364 times
    342 since last reset
  • The average score is 12 of 12
Answer Stats
Picture Answer % Correct
Lion
100%
African Elephant
98%
Cheetah
98%
Giraffe
98%
Hippopotamus
98%
Plains Zebra
98%
White Rhino
98%
Flamingo
97%
Gorilla
97%
Leopard
95%
Meerkat
91%
Cape Buffalo
90%
No matching quizzes found
Score Distribution
Percent of People with Each Score
Percentile by Number Answered
Your Score History
You have not taken this quiz since the last reset